[Event "St Petersburg Rudenko Memorial (Women)"]
[Site "St Petersburg"]
[Date "2011.08.25"]
[Round "3"]
[White "Severiukhina, Zoja"]
[Black "Kindinova, Ekaterina"]
[Result "1-0"]
[WhiteElo "2270"]
[BlackElo "2159"]
[PlyCount "117"]
[EventDate "2011.08.23"]
[EventType "swiss"]
[EventRounds "9"]
[EventCountry "RUS"]
[SourceTitle "CBM 144 Extra"]
[Source "ChessBase"]
[SourceDate "2011.10.28"]
[SourceVersion "1"]
[SourceVersionDate "2011.10.28"]
[SourceQuality "1"]

1. d4 Nf6 2. c4 g6 3. Nc3 Bg7 4. e4 d6 5. f3 0-0 6. Be3 c6 7. Qd2 e5 8. Nge2 exd4 9. Nxd4 Re8 10. Rd1 Qe7 11. Nc2 Rd8 12. Be2 Na6 13. 0-0 Nc7 14. Rfe1 Be6 15. Bf1 d5 16. exd5 cxd5 17. c5 Nd7 18. b4 Ne5 19. Bd4 Nc6 20. Bxg7 Kxg7 21. Qf4 Rac8 22. Nd4 Nxd4 23. Rxd4 Qf6 24. Qd2 Rd7 25. Rf4 Qd8 26. Qd4+ Kg8 27. h4 Bf5 28. Qe5 f6 29. Qd4 Ne6 30. Rxe6 Bxe6 31. Rxf6 Qe7 32. Bb5 Rdc7 33. Nxd5 Bxd5 34. Qxd5+ Kh8 35. Qd4 Qg7 36. Qf4 Rd8 37. Kh2 a6 38. Bc4 Rcd7 39. Qg5 Re7 40. c6 bxc6 41. Rxc6 Qe5+ 42. Qxe5+ Rxe5 43. Bxa6 Rd4 44. Bc4 Rxh4+ 45. Kg3 Rd4 46. a4 Rg5+ 47. Kf2 Rd2+ 48. Ke3 Rb2 49. b5 Rgxg2 50. a5 Rg1 51. a6 Ra1 52. b6 Kg7 53. a7 h5 54. Bd5 h4 55. Be4 h3 56. Rxg6+ Kf7 57. Rh6 Ra3+ 58. Kf4 Rb4 59. Rxh3 1-0

[Event "RUS-ch (Women) 61st"]
[Site "Taganrog"]
[Date "2011.06.26"]
[Round "9"]
[White "Kindinova, Ekaterina"]
[Black "Severina, Maria"]
[Result "1-0"]
[WhiteElo "2159"]
[BlackElo "2104"]
[PlyCount "123"]
[EventDate "2011.05.15"]
[EventType "swiss"]
[EventRounds "9"]
[EventCountry "RUS"]
[SourceTitle "EXT 2012"]
[Source "ChessBase"]
[SourceDate "2011.11.24"]
[SourceVersion "1"]
[SourceVersionDate "2011.11.24"]
[SourceQuality "1"]

1. e4 d6 2. d4 Nf6 3. Nc3 e5 4. Nf3 Nbd7 5. Bc4 Be7 6. 0-0 0-0 7. Re1 c6 8. a4 b6 9. Ba2 a6 10. dxe5 dxe5 11. h3 Qc7 12. Nh4 Nc5 13. Qf3 Ne6 14. Nf5 Bb7 15. Qg3 Bc5 16. Bh6 Nh5 17. Qh4 Nhf4 18. Qg4 Ng6 19. Be3 Rfe8 20. h4 Kh8 21. h5 Ngf8 22. Bxc5 bxc5 23. Re3 f6 24. Rg3 Rad8 25. Rd1 Bc8 26. Qh4 Ng5 27. Rxd8 Rxd8 28. h6 Bxf5 29. hxg7+ Qxg7 30. exf5 Rd2 31. Ne4 Rd4 32. f3 Rxa4 33. Bb3 Ra1+ 34. Kh2 h6 35. Nxc5 Rd1 36. Qh5 Rd8 37. Ne4 Nd7 38. Nd6 Kh7 39. Ne8 Qf8 40. Qg6+ Kh8 41. Nd6 e4 42. Nxe4 Nxe4 43. fxe4 Ne5 44. Qh5 c5 45. Rg8+ Qxg8 46. Bxg8 Kxg8 47. Kh3 Kg7 48. Qe2 c4 49. Qe3 Rd6 50. Qa7+ Kf8 51. Qc5 Ke7 52. Kh4 Kd7 53. Qa7+ Kd8 54. Qg7 Rb6 55. Qxh6 Ke7 56. Qg7+ Ke8 57. g4 Rd6 58. Kg3 Nf7 59. Qg8+ Ke7 60. Qc8 Ne5 61. Qc5 Kd7 62. g5 1-0

[Event "RUS-ch (Women) 61st"]
[Site "Taganrog"]
[Date "2011.06.17"]
[Round "3"]
[White "Fominykh, Maria"]
[Black "Kindinova, Ekaterina"]
[Result "0-1"]
[WhiteElo "2291"]
[BlackElo "2159"]
[PlyCount "86"]
[EventDate "2011.05.15"]
[EventType "swiss"]
[EventRounds "9"]
[EventCountry "RUS"]
[SourceTitle "EXT 2012"]
[Source "ChessBase"]
[SourceDate "2011.11.24"]
[SourceVersion "1"]
[SourceVersionDate "2011.11.24"]
[SourceQuality "1"]

1. d4 Nf6 2. c4 g6 3. Nf3 Bg7 4. Nc3 0-0 5. e4 d6 6. h3 c6 7. Be3 Na6 8. Be2 e5 9. d5 Nh5 10. g3 Nc7 11. Nd2 Nf6 12. g4 Nfe8 13. h4 f5 14. gxf5 gxf5 15. Bg5 Qd7 16. Rg1 Kh8 17. exf5 Qxf5 18. Nde4 cxd5 19. cxd5 b5 20. Bg4 Qf7 21. Bh5 Qd7 22. a3 a5 23. Be3 Qh3 24. Bxe8 Nxe8 25. Qh5 Bf5 26. Ke2 Rb8 27. Ng5 Nf6 28. Nf7+ Rxf7 29. Qxf7 Bg4+ 30. Ke1 Rf8 31. Qb7 Qh2 32. f3 Qxb2 33. Rc1 Bd7 34. Bd2 Qxa3 35. Nxb5 Qxf3 36. Nxd6 Ne4 37. Qb6 Nxd6 38. Qe3 Qf6 39. Rc7 Bh6 40. Qxh6 Qf2+ 41. Kd1 Ba4+ 42. Kc1 Qxg1+ 43. Kb2 Rb8+ 0-1

[Event "RUS-ch (Women) 61st"]
[Site "Taganrog"]
[Date "2011.06.15"]
[Round "1"]
[White "Kovanova, Baira"]
[Black "Kindinova, Ekaterina"]
[Result "1/2-1/2"]
[WhiteElo "2361"]
[BlackElo "2159"]
[PlyCount "139"]
[EventDate "2011.05.15"]
[EventType "swiss"]
[EventRounds "9"]
[EventCountry "RUS"]
[SourceTitle "EXT 2012"]
[Source "ChessBase"]
[SourceDate "2011.11.24"]
[SourceVersion "1"]
[SourceVersionDate "2011.11.24"]
[SourceQuality "1"]

1. e4 c5 2. Nf3 e6 3. d3 Nc6 4. g3 g6 5. Bg2 Bg7 6. 0-0 Nge7 7. c3 0-0 8. d4 cxd4 9. cxd4 Qb6 10. d5 Bxb2 11. Bxb2 Qxb2 12. Nbd2 Ne5 13. Nxe5 Qxe5 14. Re1 Qg7 15. Rc1 Rb8 16. Qa4 Ra8 17. Nc4 Qd4 18. Qa3 exd5 19. exd5 Nf5 20. Red1 Qf6 21. d6 Nd4 22. Rd2 Re8 23. Kf1 Nc6 24. Nb6 Qg5 25. Nc4 b5 26. Rd5 Qg4 27. Ne3 Qa4 28. Qxa4 bxa4 29. Kg1 Ba6 30. Rd2 Bb5 31. Nd5 Red8 32. Nc7 Rab8 33. Nxb5 Rxb5 34. Bxc6 dxc6 35. Rxc6 Rb6 36. Rc4 Rbxd6 37. Rxd6 Rxd6 38. Rxa4 Rd7 39. h4 Kg7 40. Ra6 Kh6 41. Kg2 Kg7 42. Kf3 Re7 43. Kf4 h6 44. f3 Kh7 45. a4 Kg7 46. a5 Kh7 47. Rd6 Kg7 48. g4 Kh7 49. Rd8 Kg7 50. g5 hxg5+ 51. hxg5 Re6 52. Rd7 Ra6 53. Rd5 Re6 54. Re5 Rc6 55. Rb5 Re6 56. Kg4 Rc6 57. f4 Rd6 58. Kf3 Rc6 59. Ke4 Rc4+ 60. Ke5 Ra4 61. Rd5 Rb4 62. a6 Ra4 63. Rd6 Ra5+ 64. Ke4 Ra4+ 65. Ke3 Ra3+ 66. Kd2 Kf8 67. Kc2 Ke7 68. Rc6 Kf8 69. Rf6 Ke7 70. Rc6 1/2-1/2

[Event "RUS-ch (Women) 1st League 61st"]
[Site "Ivanovo"]
[Date "2011.02.26"]
[Round "6"]
[White "Belova, Olga"]
[Black "Kindinova, Ekaterina"]
[Result "1-0"]
[WhiteElo "1948"]
[BlackElo "2188"]
[PlyCount "85"]
[EventDate "2011.02.21"]
[EventType "swiss"]
[EventRounds "9"]
[EventCountry "RUS"]
[SourceTitle "CBM 141 Extra"]
[Source "ChessBase"]
[SourceDate "2011.05.03"]
[SourceVersion "1"]
[SourceVersionDate "2011.05.03"]
[SourceQuality "1"]

1. d4 Nf6 2. Nc3 c5 3. d5 d6 4. e4 g6 5. Nf3 Bg7 6. Bb5+ Nbd7 7. a4 0-0 8. 0-0 Rb8 9. Nd2 a6 10. Be2 Ne8 11. Nc4 b5 12. axb5 Ra8 13. Na5 Nc7 14. Nc6 Qe8 15. bxa6 Bxa6 16. Bxa6 Rxa6 17. Nb5 Rxc6 18. dxc6 Nxb5 19. cxd7 Qxd7 20. c3 Rb8 21. Be3 Qc6 22. Qa4 h5 23. Rfd1 Qb7 24. Bg5 f6 25. Be3 Kh7 26. f4 Qc8 27. Qc2 Qe6 28. Bf2 Qg4 29. f5 gxf5 30. exf5 Bh6 31. Re1 Bf8 32. Re4 Qg5 33. Be3 Qxf5 34. Rxe7+ Kg6 35. Qxf5+ Kxf5 36. Rf1+ Kg6 37. Re6 Bg7 38. Bf4 Rb6 39. Bg3 Nc7 40. Rxd6 Rxb2 41. c4 Rc2 42. Rc6 Ne8 43. Re1 1-0

[Event "Bykova Memorial op (Women)"]
[Site "Suzdal"]
[Date "2010.12.20"]
[Round "6"]
[White "Kindinova, Ekaterina"]
[Black "Charochkina, Daria"]
[Result "1/2-1/2"]
[WhiteElo "2185"]
[BlackElo "2303"]
[PlyCount "76"]
[EventDate "2010.12.15"]
[EventType "swiss"]
[EventRounds "9"]
[EventCountry "RUS"]
[SourceTitle "CBM 140 Extra"]
[Source "ChessBase"]
[SourceDate "2011.03.01"]
[SourceVersion "1"]
[SourceVersionDate "2011.03.01"]
[SourceQuality "1"]

1. e4 c6 2. d4 d5 3. e5 Bf5 4. Nf3 e6 5. Be2 Nd7 6. 0-0 Ne7 7. Nbd2 Bg6 8. Nb3 Nf5 9. Bd2 Be7 10. Rc1 h6 11. c4 dxc4 12. Na5 Rb8 13. Nxc4 0-0 14. Ba5 b6 15. Be1 c5 16. d5 exd5 17. Qxd5 Nd4 18. Nxd4 cxd4 19. Qxd4 Bc5 20. Qg4 b5 21. Rd1 bxc4 22. Rxd7 Qc8 23. Bxc4 h5 24. Qh3 Rxb2 25. Bb3 Re2 26. Bc3 Be3 27. Bb4 Bc5 28. Bxc5 Qxc5 29. Qg3 Bf5 30. Rd5 Qb4 31. Qg5 Bg4 32. h3 Be6 33. Rd3 Qe4 34. Rd8 Rxd8 35. Qxd8+ Kh7 36. Bxe6 fxe6 37. Qd7 Rxa2 38. Qxe6 Re2 1/2-1/2

[Event "Bykova Memorial op (Women)"]
[Site "Suzdal"]
[Date "2010.12.17"]
[Round "3"]
[White "Sharkova, Vera"]
[Black "Kindinova, Ekaterina"]
[Result "0-1"]
[WhiteElo "1974"]
[BlackElo "2185"]
[PlyCount "58"]
[EventDate "2010.12.15"]
[EventType "swiss"]
[EventRounds "9"]
[EventCountry "RUS"]
[SourceTitle "CBM 140 Extra"]
[Source "ChessBase"]
[SourceDate "2011.03.01"]
[SourceVersion "1"]
[SourceVersionDate "2011.03.01"]
[SourceQuality "1"]

1. e4 c5 2. d4 cxd4 3. c3 dxc3 4. Nxc3 Nc6 5. Bc4 e6 6. Nf3 Qc7 7. 0-0 Nf6 8. Qe2 Ng4 9. Rd1 Bc5 10. Be3 Nxe3 11. fxe3 a6 12. Rac1 Be7 13. Rf1 0-0 14. Nd4 Ne5 15. Bb3 Qb8 16. Na4 b5 17. Nc5 Bxc5 18. Rxc5 Bb7 19. Bc2 d6 20. Rc3 b4 21. Rb3 a5 22. a3 Ba6 23. Qf2 Bxf1 24. Qxf1 Qb6 25. Nb5 Rfc8 26. Qe2 Rxc2 27. Qxc2 Qxb5 28. Qd2 Qc4 29. Rd3 Qxd3 0-1

[Event "RUS-ch (Women) 60th"]
[Site "St Petersburg"]
[Date "2010.09.01"]
[Round "7"]
[White "Gromova, Iulia"]
[Black "Kindinova, Ekaterina"]
[Result "1-0"]
[WhiteElo "2241"]
[BlackElo "2185"]
[PlyCount "101"]
[EventDate "2010.08.26"]
[EventType "swiss"]
[EventRounds "9"]
[EventCountry "RUS"]
[SourceTitle "CBM 138 Extra"]
[Source "ChessBase"]
[SourceDate "2010.10.29"]
[SourceVersion "1"]
[SourceVersionDate "2010.10.29"]
[SourceQuality "1"]

1. d4 Nf6 2. c4 g6 3. Nc3 Bg7 4. e4 d6 5. f3 0-0 6. Nge2 Nfd7 7. Bg5 c5 8. d5 Ne5 9. Ng3 h6 10. Be3 a6 11. Be2 e6 12. Qd2 Kh7 13. a4 exd5 14. cxd5 Bd7 15. 0-0 h5 16. f4 Ng4 17. Bxg4 Bxg4 18. f5 Nd7 19. h3 Ne5 20. Bg5 f6 21. Bf4 h4 22. hxg4 hxg3 23. Bxg3 Bh6 24. Qe2 Rg8 25. Bxe5 fxe5 26. f6 Rf8 27. Qf3 Bg5 28. Qh3+ Kg8 29. f7+ Kg7 30. Rf2 Rh8 31. Qf3 Bf4 32. g3 Rh3 33. Ne2 Qh8 34. Nxf4 exf4 35. Qc3+ Kxf7 36. Rxf4+ Ke7 37. Kg2 Rh2+ 38. Kf3 Qxc3+ 39. bxc3 Rc2 40. Ra3 Rh8 41. g5 Rhh2 42. Rb3 b5 43. axb5 c4 44. Ra3 axb5 45. Ra7+ Ke8 46. Kg4 Rxc3 47. Rf6 Re2 48. Rxg6 Rxe4+ 49. Kh5 Re7 50. Ra8+ Kd7 51. Rgg8 1-0

[Event "RUS-ch (Women) 60th"]
[Site "St Petersburg"]
[Date "2010.08.31"]
[Round "6"]
[White "Kindinova, Ekaterina"]
[Black "Tomilova, Elena"]
[Result "0-1"]
[WhiteElo "2185"]
[BlackElo "2311"]
[PlyCount "124"]
[EventDate "2010.08.26"]
[EventType "swiss"]
[EventRounds "9"]
[EventCountry "RUS"]
[SourceTitle "CBM 138 Extra"]
[Source "ChessBase"]
[SourceDate "2010.10.29"]
[SourceVersion "1"]
[SourceVersionDate "2010.10.29"]
[SourceQuality "1"]

1. e4 d5 2. exd5 Qxd5 3. Nc3 Qa5 4. d4 Nf6 5. Nf3 Bg4 6. Bc4 e6 7. h3 Bxf3 8. Qxf3 c6 9. 0-0 Nbd7 10. Re1 Be7 11. Bf4 0-0 12. Rad1 Rfe8 13. Ne2 Nd5 14. Bd2 Qc7 15. c3 Nf8 16. Bd3 Rad8 17. Bb1 c5 18. Bc1 c4 19. Ng3 b5 20. Ne4 Rb8 21. Re2 a5 22. Ng5 Bxg5 23. Bxg5 f6 24. Bc1 Red8 25. Be4 Qd7 26. Rde1 b4 27. Qg3 Rb5 28. h4 Qf7 29. Qf3 Ne7 30. g3 Qh5 31. Qxh5 Rxh5 32. cxb4 axb4 33. Bd2 Rb5 34. Be3 Nd7 35. Kg2 Nb6 36. Bb1 Ned5 37. Bc1 Nc7 38. Bf4 Nbd5 39. Bc1 g6 40. Be4 Ra5 41. Bxd5 Nxd5 42. a3 bxa3 43. bxa3 Nc7 44. Rc2 Ra4 45. Rb2 c3 46. Rb7 Rc8 47. Bf4 Nd5 48. Rxe6 Rxd4 49. Bh6 c2 50. Ra6 Rdc4 51. Raa7 R4c7 52. Rxc7 Nxc7 53. Ra5 Ne6 54. Bc1 Nd4 55. Ra6 Ne2 56. Be3 Rc3 57. Bd2 Rd3 58. Ra8+ Kf7 59. Ra7+ Ke8 60. Ra8+ Kd7 61. Ra7+ Kc8 62. Bh6 g5 0-1

[Event "Kostroma Volga Cup (Women)"]
[Site "Kostroma"]
[Date "2010.07.07"]
[Round "7.4"]
[White "Kindinova, Ekaterina"]
[Black "Vorontsov, Nikolay"]
[Result "0-1"]
[WhiteElo "2185"]
[BlackElo "2310"]
[PlyCount "58"]
[EventDate "2010.07.03"]
[EventType "tourn"]
[EventRounds "11"]
[EventCountry "RUS"]
[SourceTitle "EXT 2011"]
[Source "ChessBase"]
[SourceDate "2010.11.26"]
[SourceVersion "1"]
[SourceVersionDate "2010.11.26"]
[SourceQuality "1"]

1. e4 c5 2. Nf3 Nc6 3. Nc3 g6 4. d4 cxd4 5. Nxd4 Bg7 6. Be3 Nf6 7. Bc4 0-0 8. f3 Qb6 9. Ncb5 a6 10. Nf5 Qd8 11. Nh6+ Bxh6 12. Bxh6 axb5 13. Bxf8 bxc4 14. Bh6 Qb6 15. Qc1 d5 16. Be3 Qb5 17. exd5 Nxd5 18. Bf2 c3 19. b3 Ncb4 20. a4 Bf5 21. axb5 Rxa1 22. 0-0 Rxc1 23. Rxc1 Nxc2 24. Bc5 e5 25. g3 Nd4 26. Bxd4 exd4 27. Kf2 d3 28. Ra1 d2 29. Ke2 Bc2 0-1

[Event "Kostroma Volga Cup (Women)"]
[Site "Kostroma"]
[Date "2010.07.06"]
[Round "6.2"]
[White "Rysbayeva, Korlan"]
[Black "Kindinova, Ekaterina"]
[Result "1-0"]
[WhiteElo "2040"]
[BlackElo "2185"]
[PlyCount "51"]
[EventDate "2010.07.03"]
[EventType "tourn"]
[EventRounds "11"]
[EventCountry "RUS"]
[SourceTitle "EXT 2011"]
[Source "ChessBase"]
[SourceDate "2010.11.26"]
[SourceVersion "1"]
[SourceVersionDate "2010.11.26"]
[SourceQuality "1"]

1. e4 c5 2. Nf3 e6 3. d4 cxd4 4. Nxd4 Nc6 5. Nc3 Qc7 6. Be2 a6 7. 0-0 Nf6 8. Be3 Bb4 9. Nxc6 bxc6 10. Qd3 d5 11. f4 0-0 12. e5 Nd7 13. Bd2 Bb7 14. Kh1 Be7 15. Qg3 c5 16. Bf3 Rfd8 17. Rae1 Nb6 18. Bh5 g6 19. f5 exf5 20. Rxf5 Bf8 21. Bf4 Qd7 22. Rf6 Nc4 23. e6 fxe6 24. Bxg6 hxg6 25. Rxg6+ Kf7 26. Bh6 1-0

[Event "Kostroma Volga Cup (Women)"]
[Site "Kostroma"]
[Date "2010.07.04"]
[Round "3.2"]
[White "Kindinova, Ekaterina"]
[Black "Yanovskaya, Olesia"]
[Result "0-1"]
[WhiteElo "2185"]
[BlackElo "1921"]
[PlyCount "108"]
[EventDate "2010.07.03"]
[EventType "tourn"]
[EventRounds "11"]
[EventCountry "RUS"]
[SourceTitle "EXT 2011"]
[Source "ChessBase"]
[SourceDate "2010.11.26"]
[SourceVersion "1"]
[SourceVersionDate "2010.11.26"]
[SourceQuality "1"]

1. e4 e6 2. d4 d5 3. Nc3 Nf6 4. Bg5 Be7 5. e5 Nfd7 6. Bxe7 Qxe7 7. f4 a6 8. Nf3 c5 9. dxc5 Qxc5 10. Qd2 b5 11. 0-0-0 Nc6 12. Kb1 Nb6 13. Bd3 Rb8 14. Ne2 Nc4 15. Bxc4 bxc4 16. Qc3 Na7 17. Ned4 Bd7 18. Rhe1 Nb5 19. Nxb5 axb5 20. b4 Qa7 21. a3 Ra8 22. Kb2 h6 23. Nd4 0-0 24. Re3 Rfb8 25. g4 Rb6 26. Rg3 Ra6 27. Ra1 Ra4 28. Rd1 Qb6 29. Ra1 Qa7 30. Rgg1 Qb6 31. h4 R8a6 32. h5 Qa7 33. Rgd1 Qb8 34. Qe3 Qa7 35. g5 hxg5 36. fxg5 Be8 37. h6 Qe7 38. hxg7 Rxa3 39. Rxa3 Qxb4+ 40. Ka2 c3 41. Qxc3 Qxc3 42. Rxa6 Kxg7 43. Rd3 Qc4+ 44. Kb2 Qb4+ 45. Ka2 Qc4+ 46. Ka1 b4 47. Ra8 b3 48. Nxb3 Qxc2 49. Rh3 Qf5 50. Rc3 Qxe5 51. Kb2 Bb5 52. Rac8 Bc4 53. Na5 Ba6 54. Nb3 Bxc8 0-1

[Event "RUS-ch U18 Girls"]
[Site "Dagomys"]
[Date "2009.04.15"]
[Round "1"]
[White "Kindinova, Ekaterina"]
[Black "Mikheeva, Alexandra"]
[Result "0-1"]
[WhiteElo "2129"]
[BlackElo "1961"]
[PlyCount "132"]
[EventDate "2009.04.15"]
[EventType "swiss"]
[EventRounds "9"]
[EventCountry "RUS"]
[SourceTitle "CBM 130 Extra"]
[Source "ChessBase"]
[SourceDate "2009.07.02"]
[SourceVersion "2"]
[SourceVersionDate "2009.07.15"]
[SourceQuality "1"]

1. e4 e5 2. Nf3 Nc6 3. Bb5 f5 4. d3 fxe4 5. dxe4 Bd6 6. Nc3 Nf6 7. Bc4 Na5 8. Bd5 c6 9. Bf7+ Kxf7 10. Qxd6 Nc4 11. Nxe5+ Nxe5 12. Qxe5 Re8 13. Qf4 d5 14. 0-0 d4 15. e5 dxc3 16. exf6 gxf6 17. Qc4+ Be6 18. Qxc3 Rg8 19. Bf4 Rg4 20. Bg3 h5 21. Rad1 Qg8 22. h4 Bd5 23. Rd4 f5 24. Qb4 b6 25. Rxg4 hxg4 26. Qf4 Qg6 27. c4 Be4 28. Rd1 Qe6 29. Qc7+ Ke8 30. Rd6 Qe7 31. Rxc6 Rd8 32. Qxe7+ Kxe7 33. Rc7+ Ke6 34. Rxa7 Rd1+ 35. Kh2 Rb1 36. b3 Rb2 37. h5 f4 38. Bxf4 Rxf2 39. Kg3 Rxg2+ 40. Kh4 Kf5 41. Bg3 Bf3 42. h6 Rg1 43. Bh2 Rg2 44. Bb8 Rg1 45. h7 Rh1+ 46. Kg3 Kg6 47. Ra6 Rxh7 48. Rxb6+ Kf5 49. c5 Bd5 50. Kf2 Rh3 51. Bg3 Rh1 52. Rd6 Be4 53. Rd2 Rb1 54. Ke3 Rc1 55. Kd4 Rg1 56. Bd6 g3 57. b4 g2 58. Bh2 Rh1 59. Rf2+ Ke6 60. Re2 Rxh2 61. Rxe4+ Kd7 62. Rg4 Rh4 63. Rxh4 g1Q+ 64. Kc4 Qf1+ 65. Kd5 Qf7+ 66. Ke4 Qe7+ 0-1

[Event "RUS-ch (Women) 1st League 59th"]
[Site "Smolensk"]
[Date "2009.03.05"]
[Round "8"]
[White "Kindinova, Ekaterina"]
[Black "Shulakova, Svetlana"]
[Result "1-0"]
[WhiteElo "2126"]
[BlackElo "2146"]
[PlyCount "87"]
[EventDate "2009.02.26"]
[EventType "team-tourn"]
[EventRounds "9"]
[EventCountry "RUS"]
[SourceTitle "CBM 129 Extra"]
[Source "ChessBase"]
[SourceDate "2009.05.05"]
[SourceVersion "2"]
[SourceVersionDate "2009.05.20"]
[SourceQuality "1"]

1. e4 c5 2. Nf3 e6 3. d4 cxd4 4. Nxd4 Nf6 5. Nc3 d6 6. Be2 Be7 7. 0-0 Nc6 8. a4 0-0 9. Kh1 e5 10. Nxc6 bxc6 11. f4 Rb8 12. b3 exf4 13. Bxf4 Be6 14. Qd3 Qa5 15. Nd1 Rbd8 16. Nf2 Nd7 17. Rad1 Ne5 18. Qg3 Kh8 19. Bd2 Qc7 20. Bc3 Ng6 21. Nd3 Bh4 22. Qe3 Qb6 23. Bd4 c5 24. Ba1 Be7 25. Bh5 Kg8 26. Bxg6 hxg6 27. Nf4 Bg5 28. Qc3 Bf6 29. Qf3 Bxa1 30. Rxa1 Qa6 31. Rad1 Qc8 32. h3 g5 33. Nxe6 Qxe6 34. Rd5 f6 35. Re1 Rfe8 36. Qg3 Re7 37. Kh2 Kf7 38. c4 Rb7 39. e5 Re7 40. Rf1 Red7 41. exf6 gxf6 42. Rxg5 Rf8 43. Rg7+ Ke8 44. Re1 1-0

[Event "RUS-ch (Women) 1st League 59th"]
[Site "Smolensk"]
[Date "2009.03.04"]
[Round "7"]
[White "Baraeva, Marina"]
[Black "Kindinova, Ekaterina"]
[Result "0-1"]
[WhiteElo "2009"]
[BlackElo "2126"]
[PlyCount "80"]
[EventDate "2009.02.26"]
[EventType "team-tourn"]
[EventRounds "9"]
[EventCountry "RUS"]
[SourceTitle "CBM 129 Extra"]
[Source "ChessBase"]
[SourceDate "2009.05.05"]
[SourceVersion "2"]
[SourceVersionDate "2009.05.20"]
[SourceQuality "1"]

1. d4 Nf6 2. c4 g6 3. Nc3 Bg7 4. e4 d6 5. Nf3 0-0 6. Be2 Nbd7 7. 0-0 e5 8. Be3 exd4 9. Nxd4 Nc5 10. Bf3 Re8 11. Qc2 Bg4 12. Rad1 Bxf3 13. gxf3 Nh5 14. Nde2 Qh4 15. Qd2 Ne6 16. Nd5 c6 17. Ndf4 Be5 18. Ng3 Nhxf4 19. Bxf4 Nxf4 20. Kh1 Qh3 21. Rg1 h5 22. Qe3 h4 23. Nf1 Ne6 24. Rg4 Nd4 25. Rg2 Qxf3 26. Qxf3 Nxf3 27. Rg4 Bxb2 28. Rf4 Ne5 29. Rxd6 Nxc4 30. Rd7 Ne5 31. Rxb7 Reb8 32. Re7 h3 33. Rh4 c5 34. Rxh3 Bd4 35. f4 Ng4 36. Ra3 Rb2 37. e5 Rf2 38. h3 Rxf1+ 39. Kg2 Rf2+ 40. Kg3 Nh6 0-1

[Event "RUS-ch (Women) 1st League 59th"]
[Site "Smolensk"]
[Date "2009.03.02"]
[Round "5"]
[White "Sukhareva, Evgenia"]
[Black "Kindinova, Ekaterina"]
[Result "1-0"]
[WhiteElo "2178"]
[BlackElo "2126"]
[PlyCount "71"]
[EventDate "2009.02.26"]
[EventType "team-tourn"]
[EventRounds "9"]
[EventCountry "RUS"]
[SourceTitle "CBM 129 Extra"]
[Source "ChessBase"]
[SourceDate "2009.05.05"]
[SourceVersion "2"]
[SourceVersionDate "2009.05.20"]
[SourceQuality "1"]

1. d4 Nf6 2. c4 g6 3. Nc3 Bg7 4. e4 d6 5. f3 0-0 6. Bg5 c5 7. d5 h6 8. Be3 e6 9. Qd2 exd5 10. cxd5 Re8 11. Nge2 Nbd7 12. Ng3 h5 13. Bg5 a6 14. Be2 b5 15. 0-0 Qb6 16. Nh1 Nh7 17. Bh6 Bd4+ 18. Nf2 Ne5 19. Rab1 b4 20. Ncd1 a5 21. Be3 Bxe3 22. Nxe3 Ba6 23. f4 Nd7 24. b3 Nhf6 25. Bd3 Bxd3 26. Qxd3 a4 27. Nc4 Qc7 28. Rbe1 axb3 29. axb3 Rad8 30. e5 dxe5 31. d6 Qc6 32. fxe5 Nd5 33. Nh3 N7b6 34. Ng5 Rd7 35. e6 fxe6 36. Ne5 1-0

[Event "RUS-ch (Women) 1st League 59th"]
[Site "Smolensk"]
[Date "2009.02.26"]
[Round "1"]
[White "Skakun, Valentina"]
[Black "Kindinova, Ekaterina"]
[Result "0-1"]
[WhiteElo "1700"]
[BlackElo "2126"]
[PlyCount "130"]
[EventDate "2009.02.26"]
[EventType "team-tourn"]
[EventRounds "9"]
[EventCountry "RUS"]
[SourceTitle "CBM 129 Extra"]
[Source "ChessBase"]
[SourceDate "2009.05.05"]
[SourceVersion "2"]
[SourceVersionDate "2009.05.20"]
[SourceQuality "1"]

1. d4 Nf6 2. c4 c5 3. d5 b5 4. cxb5 a6 5. bxa6 Bxa6 6. g3 d6 7. Bg2 g6 8. Nf3 Bg7 9. 0-0 0-0 10. Nc3 Nbd7 11. Rb1 Qc7 12. b3 Rfb8 13. Re1 Ng4 14. Bd2 c4 15. b4 Qa7 16. Rf1 Bb5 17. h3 Nge5 18. Nxe5 Bxe5 19. Be3 Qa3 20. Bd4 Ba4 21. Nxa4 Rxa4 22. Bxe5 Nxe5 23. b5 Qxa2 24. b6 c3 25. Qc1 Qc4 26. Qe3 c2 27. Rb3 Qa6 28. Be4 Nc4 29. Qc1 Na5 30. Re3 Qxb6 31. Qxc2 Rc4 32. Qa2 Rb4 33. Bd3 Qc7 34. Ra1 Nb3 35. Rb1 Nc1 36. Rxc1 Qxc1+ 37. Kg2 Qc7 38. Rf3 Qc5 39. e4 Rb2 40. Qa4 Qc7 41. Qd4 R8b3 42. Qe3 Qc3 43. Qf4 Qg7 44. Qg5 Rb7 45. h4 Rc7 46. h5 h6 47. Qg4 g5 48. Qf5 Rc3 49. Qd7 Rbb3 50. Qe8+ Qf8 51. Qxf8+ Kxf8 52. Be2 Rxf3 53. Bxf3 Kg7 54. Bg4 Kf6 55. f4 gxf4 56. gxf4 e6 57. dxe6 fxe6 58. Bf3 e5 59. Kg3 Ra3 60. f5 Kg5 61. Kf2 Rc3 62. Kg3 d5 63. Kf2 d4 64. Ke2 Rxf3 65. Kxf3 Kxh5 0-1

[Event "RUS-chT Clubs U18"]
[Site "Rybinsk"]
[Date "2008.08.10"]
[Round "9.36"]
[White "Trubitsyna, Yulia"]
[Black "Kindinova, Ekaterina"]
[Result "1-0"]
[WhiteElo "1872"]
[BlackElo "2122"]
[PlyCount "97"]
[EventDate "2008.08.02"]
[EventType "team"]
[EventRounds "9"]
[EventCountry "RUS"]
[SourceTitle "EXT 2020"]
[Source "ChessBase"]
[SourceDate "2019.10.17"]
[SourceVersion "1"]
[SourceVersionDate "2019.10.17"]
[SourceQuality "1"]

1. Nf3 Nf6 2. d3 d5 3. g3 g6 4. Bg2 Bg7 5. c4 0-0 6. cxd5 Nxd5 7. 0-0 Nc6 8. a3 h6 9. Qc2 e5 10. Nc3 Be6 11. Bd2 Kh7 12. Ne4 Bg4 13. e3 Qc8 14. Nc5 Nce7 15. e4 Nb6 16. Bc3 Nc6 17. b4 Nd7 18. b5 Nd4 19. Nxd4 exd4 20. Bb4 Nxc5 21. Bxc5 Rd8 22. f3 Bh3 23. f4 Bxg2 24. Qxg2 Qd7 25. a4 a6 26. b6 cxb6 27. Bxb6 Rdc8 28. a5 Rc3 29. Rf3 Rac8 30. Raf1 Qb5 31. Qh3 R8c6 32. g4 Rc1 33. e5 Rxf1+ 34. Rxf1 Rc3 35. Rd1 Qd7 36. Qf3 Rc2 37. Re1 Rd2 38. f5 Qb5 39. fxg6+ fxg6 40. e6 Rc2 41. e7 Rc8 42. Qf7 Qe8 43. Qd5 Rc2 44. Qxb7 Qf7 45. Rf1 Qe8 46. Rf8 Qa4 47. e8Q Rc1+ 48. Kg2 Qc2+ 49. Rf2 1-0

[Event "RUS-chT Clubs U18"]
[Site "Rybinsk"]
[Date "2008.08.05"]
[Round "4"]
[White "Eryshkanova, Anastasiya"]
[Black "Kindinova, Ekaterina"]
[Result "0-1"]
[WhiteElo "2039"]
[BlackElo "2122"]
[PlyCount "84"]
[EventDate "2008.08.02"]
[EventType "team"]
[EventRounds "9"]
[EventCountry "RUS"]
[SourceTitle "CBM 125 Extra"]
[Source "ChessBase"]
[SourceDate "2008.09.01"]
[SourceVersion "1"]
[SourceVersionDate "2008.09.01"]
[SourceQuality "1"]

1. Nf3 Nf6 2. g3 g6 3. Bg2 Bg7 4. 0-0 0-0 5. d4 d5 6. c3 Nbd7 7. Ne5 Nxe5 8. dxe5 Ne4 9. c4 c6 10. cxd5 cxd5 11. Qd4 f6 12. Bxe4 dxe4 13. Qxe4 Bh3 14. Re1 Qb6 15. Nd2 fxe5 16. Nf3 Bf5 17. Qc4+ Kh8 18. Be3 Qe6 19. Qh4 Bf6 20. Qb4 Rfc8 21. Red1 Qa6 22. Rd2 Rc4 23. Qb3 Be6 24. Qd1 Rcc8 25. a3 Qc6 26. Rc1 Qxc1 27. Rd8+ Rxd8 28. Qxc1 Rac8 29. Qe1 Rc2 30. Qa5 b6 31. Qa4 Rxe2 32. Qb5 Rc2 33. Nxe5 Rd1+ 34. Kg2 Bd5+ 35. Nf3 Rxb2 36. Qa6 Rbb1 37. Qc8+ Kg7 38. g4 Rg1+ 39. Kh3 Bxf3 40. g5 Bg4+ 41. Qxg4 Rxg4 42. gxf6+ exf6 0-1